Галерея драгоценностей (Запись № 11864505)

Подробности
000 -МАРКЕР
контрольное поле 02119nam0a2200397 i 4500
001 - ИДЕНТИФИКАТОР ЗАПИСИ
контрольное поле RU\NLR\BIBL_A\011473106
005 - ИДЕНТИФИКАТОР ВЕРСИИ
контрольное поле 20241104124208.0
010 ## - МЕЖДУНАРОДНЫЙ СТАНДАРТНЫЙ НОМЕР КНИГИ (ISBN)
Номер (ISBN) 9785995007807
Тираж 1500
035 ## - ДРУГИЕ СИСТЕМНЫЕ НОМЕРА
Идентификатор записи (NLR Aleph) 011473106
100 ## - ДАННЫЕ ОБЩЕЙ ОБРАБОТКИ
Данные общей обработки 20170915d2017 km y0rusy50 ca
101 0# - ЯЗЫК РЕСУРСА
Язык текста, звукозаписи и т.д. русский
102 ## - СТРАНА ПУБЛИКАЦИИ ИЛИ ПРОИЗВОДСТВА
Страна публикации российская федерация
105 ## - ПОЛЕ КОДИРОВАННЫХ ДАННЫХ: ТЕКСТОВЫЕ МАТЕРИАЛЫ, МОНОГРАФИЧЕСКИЕ
Кодированные данные о монографическом текстовом документе a z 000 y
200 1# - ЗАГЛАВИЕ И СВЕДЕНИЯ ОБ ОТВЕТСТВЕННОСТИ
Основное заглавие Галерея драгоценностей
Параллельное заглавие Gallery of jewelry
Сведения, относящиеся к заглавию коллекции европейского ювелирного искусства
Первые сведения об ответственности Ольга Костюк
Последующие сведения об ответственности Государственный Эрмитаж
Язык параллельного заглавия английский
210 ## - ПУБЛИКАЦИЯ, РАСПРОСТРАНЕНИЕ И ДР.
Место издания, распространения и т.д. Москва
Имя издателя, распространителя и т. д. Кучково поле
Дата издания, распространения и т.д. 2017
215 ## - ФИЗИЧЕСКАЯ ХАРАКТЕРИСТИКА
Специфическое обозначение материала и объем 415 с.
Другие сведения о физической характеристике цв. ил., портр.
Размеры 29
300 ## - ОБЩИЕ ПРИМЕЧАНИЯ
Текст примечания Авт. также на англ. яз.: Olga Kostyuk
300 ## - ОБЩИЕ ПРИМЕЧАНИЯ
Текст примечания На обл. авт. не указан
510 1# - ПАРАЛЛЕЛЬНОЕ ЗАГЛАВИЕ
Связь между полями z45790
Параллельное заглавие Gallery of jewelry
Язык заглавия английский
517 1# - ДРУГИЕ ВАРИАНТЫ ЗАГЛАВИЯ
Вариант заглавия Коллекции европейского ювелирного искусства
601 02 - НАИМЕНОВАНИЕ ОРГАНИЗАЦИИ КАК ПРЕДМЕТ
Начальный элемент ввода Государственный Эрмитаж
Идентифицирующий признак Санкт-Петербург, город
Тематический подзаголовок Коллекция ювелирного искусства
Системный номер авторитетной/нормативной записи 2344603
Идентификатор авторитетной/нормативной записи RU\NLR\AUTH\661401191
606 1# - НАИМЕНОВАНИЕ ТЕМЫ КАК ПРЕДМЕТ
Наименование темы Ювелирное искусство
Географический подзаголовок Европа Западная
Хронологический подзаголовок 18 - 19 вв.
Системный номер авторитетной/нормативной записи 2356910
Идентификатор авторитетной/нормативной записи RU\NLR\AUTH\6601630290
606 1# - НАИМЕНОВАНИЕ ТЕМЫ КАК ПРЕДМЕТ
Наименование темы Ювелирное искусство русское
Хронологический подзаголовок 18 - 20 вв.
Системный номер авторитетной/нормативной записи 2244813
Идентификатор авторитетной/нормативной записи RU\NLR\AUTH\661346789
606 ## - НАИМЕНОВАНИЕ ТЕМЫ КАК ПРЕДМЕТ
Наименование темы Ювелирное искусство русское советское
Системный номер авторитетной/нормативной записи 1148692
Идентификатор авторитетной/нормативной записи RU\NLR\AUTH\66139893
686 1# - ИНДЕКСЫ ДРУГИХ КЛАССИФИКАЦИЙ
Индекс Щ101.3(2Р)-2Санкт-Петербург2Эрмитаж
686 1# - ИНДЕКСЫ ДРУГИХ КЛАССИФИКАЦИЙ
Индекс Щ125.444.3(0)5
686 1# - ИНДЕКСЫ ДРУГИХ КЛАССИФИКАЦИЙ
Индекс Щ125.444.3(2Р=Рус)5
686 1# - ИНДЕКСЫ ДРУГИХ КЛАССИФИКАЦИЙ
Индекс Щ125.444.3(2Р=Рус)7
700 #1 - ИМЯ ЛИЦА - ПЕРВИЧНАЯ ОТВЕТСТВЕННОСТЬ
Графика поля Кириллица
Материалы, к которым относится поле rus
Начальный элемент ввода Костюк
Часть имени, кроме начального элемента ввода О. Г.
Расширение инициалов личного имени Ольга Григорьевна
Системный номер авторитетной/нормативной записи 185267
Идентификатор авторитетной/нормативной записи RU\NLR\AUTH\770185318
790 #1 - ИМЯ ЛИЦА - АЛЬТЕРНАТИВНАЯ ФОРМА
Графика поля Латинская
Материалы, к которым относится поле rus
Начальный элемент ввода Kostjuk
Часть имени, кроме начального элемента ввода O. G.
Расширение инициалов личного имени Ol'ga Grigor'evna
Системный номер авторитетной/нормативной записи 185268
Идентификатор авторитетной/нормативной записи RU\NLR\AUTH\770185319
942 ## - ДОПОЛНИТЕЛЬНЫЕ ЭЛЕМЕНТЫ ЗАПИСИ (АБИС)
Тип экземпляра АБИС Книга
980 ## - КОЛЛЕКЦИЯ
Название коллекции НБР

Нет доступных экземпляров.